Chemical reactor design / (Record no. 4689)
[ view plain ]
| 000 -LEADER | |
|---|---|
| fixed length control field | 00725nac a22002051u 4500 |
| 010 ## - LIBRARY OF CONGRESS CONTROL NUMBER | |
| LC control number | 86019031 |
| 020 ## - INTERNATIONAL STANDARD BOOK NUMBER | |
| International Standard Book Number | 0471845809 |
| 022 ## - INTERNATIONAL STANDARD SERIAL NUMBER | |
| International Standard Serial Number | 0471859303 |
| 082 00 - DEWEY DECIMAL CLASSIFICATION NUMBER | |
| Classification number | 660.283 |
| Item number | N299 |
| 090 ## - LOCALLY ASSIGNED LC-TYPE CALL NUMBER (OCLC); LOCAL CALL NUMBER (OCLC) | |
| -- | 4689 |
| -- | 4689 |
| 100 ## - MAIN ENTRY--PERSONAL NAME | |
| Personal name | Nauman, E. B. |
| 245 10 - TITLE STATEMENT | |
| Title | Chemical reactor design / |
| Statement of responsibility, etc | E.B. Nauman. |
| 260 ## - PUBLICATION, DISTRIBUTION, ETC. (IMPRINT) | |
| Place of publication, distribution, etc | New York : |
| Name of publisher, distributor, etc | Wiley,c1987. |
| Date of publication, distribution, etc | c1987. |
| 300 ## - PHYSICAL DESCRIPTION | |
| Extent | xxx, 426 p. : |
| Other physical details | ill. ; |
| Dimensions | 25 cm. |
| 440 #0 - | |
| -- | Wiley series in chemical engineering |
| 504 ## - BIBLIOGRAPHY, ETC. NOTE | |
| Bibliography, etc | Includes bibliographies and index. |
| 650 #0 - SUBJECT ADDED ENTRY--TOPICAL TERM | |
| Topical term or geographic name as entry element | Chemical reactors |
| General subdivision | Design and construction. |
| 942 ## - ADDED ENTRY ELEMENTS (KOHA) | |
| Item type | Book - Borrowing |
| Call number prefix | 660.283N299 |
| Withdrawn status | Item status | Damaged status | Not for loan | Home library | Current library | Shelving location | Date acquired | Source of acquisition | Total Checkouts | Full call number | Barcode | Date last seen | Koha item type |
|---|---|---|---|---|---|---|---|---|---|---|---|---|---|
| Central Library | Central Library | First floor | 07/09/2016 | Purchase | 660.283 NAU | 000005646 | 15/07/2025 | Book - Borrowing |